Non-verbal communication

Αποθηκεύτηκε σε:
Λεπτομέρειες βιβλιογραφικής εγγραφής
Άλλοι συγγραφείς: Hinde, Robert A. (Επιμελητής έκδοσης)
Μορφή: Βιβλίο
Γλώσσα:English
Δημοσίευση: Cambridge [Eng.] : Cambridge University Press, c1972
Θέματα:
Ετικέτες: Προσθήκη ετικέτας
Δεν υπάρχουν, Καταχωρήστε ετικέτα πρώτοι!

MARC

LEADER 00000nam a2200000 i 4500
001 1/74300
008 080212s1972 eng d
020 |a 0-521-29012-0 
035 |l 10094608 
040 |a GR-MY-UA  |b gre  |e aacr 
041 0 |a eng 
082 0 |a 153  |2 (22) 
245 1 0 |a Non-verbal communication /  |c edited by R. A. Hinde 
260 |a Cambridge [Eng.] :   |b Cambridge University Press,   |c c1972 
300 |a xiii, 443 σ.;  |c 24 εκ. 
504 |a Περιλαμβάνει βιβλιογραφίες και ευρετήριο 
650 0 0 |a Body language. 
700 1 |a Hinde, Robert A.  |4 edt 
852 |a INST  |b RHODES  |e 20080212  |h 153 NON  |p 005400029943  |q 005400029943  |t BK  |y 0 
901 |a BIBL4-2008-1 
909 |a Ρ  |b 144805 
922 |a 4ΕΛΗ  |b 200801  |c ΕΠΕΑΕΚ2/ΤΕΠΑΕΣ  |d ΕΛΕΥΘΕΡΟΥΔΑΚΗΣ 
970 |a ΜΙΣΣΟΣ  |b ΣΤΑΥΡΟΣ  |z 2008/02/12